000 00882cam a22002893a 4500
001 1674
003 PGUSA
005 20140828083005.0
008 990301s1999||||xxu|||||s|||||000 | eng d
040 _aPGUSA
_beng
042 _adc
050 4 _aE151
100 1 _aGilbert, Olive
245 1 4 _aThe Narrative of Sojourner Truth
_h[electronic resource] /
_cOlive Gilbert
260 _bProject Gutenberg,
_c1999
500 _aSlavery
506 _aPublic domain in the USA.
516 _aElectronic text
653 _aSocial reformers -- United States -- Biography
653 _aAfrican Americans -- Biography
653 _aAfrican American abolitionists -- Biography
653 _aTruth, Sojourner, -1883
653 _aAbolitionists -- United States -- Biography
830 0 _aProject Gutenberg
_v1674
856 4 0 _uhttp://www.gutenberg.org/ebooks/1674
942 _cEB
999 _c231020
_d231020